Every 100,000+ City in New Zealand in Order - Statistics

General Stats
  • This quiz has been taken 48 times
    20 since last reset
  • The average score is 6 of 9
Answer Stats
Letter Population City % Correct
A 1,774,907 Auckland
100%
C 507,395 Christchurch
100%
W 431,650 Wellington
100%
H 203,284 Hamilton
73%
D 140,042 Dunedin
67%
L-H 118,336 Lower Hutt
53%
P-N 102,247 Palmerston North
53%
T 176,283 Tauranga
53%
N 122,953 Napier
40%
No matching quizzes found
Score Distribution
Percent of People with Each Score
Percentile by Number Answered
Your Score History
You have not taken this quiz since the last reset